Reforma Agraria y revuelta campesina. Seguido de un homenaje a los campesinos desaparecidos

Wedi'i Gadw mewn:
Manylion Llyfryddiaeth
Prif Awdur: Bengoa Cabello, José (Awdur)
Fformat: Llyfr
Iaith:Sbaeneg
Cyhoeddwyd: Santiago Lom Ediciones 2016
Cyfres:Colección Memorias
Pynciau:
Tagiau: Ychwanegu Tag
Dim Tagiau, Byddwch y cyntaf i dagio'r cofnod hwn!

MARC

LEADER 00000cam a2200000 a 4500
001 UCC7916
003 CL-VaPUC
005 20230331074322.0
008 190520e20160000cl |||||||||||||||||spa|d
999 |c 374429  |d 374427 
020 |a 9789560008251 
040 |c Pontificia Universidad Católica de Valparaíso 
082 0 4 |a 333.3183 BEN 2016  |2 21 
100 |a Bengoa Cabello, José  |e author  |9 603139 
245 1 0 |a Reforma Agraria y revuelta campesina.   |b Seguido de un homenaje a los campesinos desaparecidos 
260 |a Santiago  |b Lom Ediciones  |c 2016 
300 |a 162 páginas 
440 |a Colección Memorias  |9 856679 
583 |a last modification  |c 20190705 09:27:47  |k Rodrigo Vera 
650 0 |a REFORMA AGRARIA  |9 256789 
650 7 |a POLITICA AGRARIA  |2 CL-VaPUC  |9 264314 
650 7 |a PROPIEDAD DE TIERRAS  |2 CL-VaPUC  |9 602662 
852 |a BIBHIS 
942 |c BK  |2 ddc 
945 |d 20190520 16:29:00  |a dcastane 
952 |0 0  |1 0  |3 erb  |4 0  |6 333_318300000000000_BEN_2016  |7 0  |8 A  |9 492953  |a BIBHIS  |b BIBHIS  |d 2019-05-08  |e 11  |g 7601.00  |i 5549353  |l 2  |o 333.3183 BEN 2016  |p 5549353  |r 2025-01-20  |s 2020-05-29  |v 7601.00  |w 2019-11-24  |y BK  |z Catalogado en:20190520  |k HIS 
952 |0 0  |1 0  |3 erb  |4 0  |6 333_318300000000000_BEN_2016  |7 0  |8 A  |9 492954  |a BIBING  |b BIBING  |i 5555728  |o 333.3183 BEN 2016  |p 5555728  |r 2025-01-20  |w 2019-11-24  |y BK  |z Catalogado en:20190719  |k GEO